| 000 | 01453nam a2200241Ii 4500 | ||
|---|---|---|---|
| 003 | JO-AjNU | ||
| 005 | 20240624094515.0 | ||
| 008 | 230605s9999||||xx |||||||||||||| ||und|| | ||
| 040 |
_aJO-AjNU _bara _erda _cJO-AjNU |
||
| 041 | _aara | ||
| 050 | 1 | 4 | _aBP173.75.2017 |
| 100 | 1 |
_aالجنابي، صاحب عبد مرزوك _eمعد _958886 |
|
| 245 | 0 | 0 |
_aدور المصارف الاسلاميه في تمويل قطاع الاسكان دراسة مقارنه (المصرف العراقي الاسلامي للاستثمار والتنميه، البنك الاسلامي الاردني=The Role of Islamic Banks in Financing Housing Sector A Comparative Study (Iragi Islamic Bank For Inestment and Development . Jordan Islamic _cاعداد سعد صاحب عبد مرزوك الجنابي ؛ إشراف محمد عبد الكريم المومني |
| 260 | _c2017 | ||
| 300 | _a104 ورقة | ||
| 336 |
_atext _btxt _2rdacontent |
||
| 337 |
_aunmediated _bn _2rdamedia |
||
| 338 |
_avolume _bnc _2rdacarrier |
||
| 500 | 0 | _aرساله جامعيه (ماجستير في المصارف الاسلاميه) - جامعة عجلون الوطنيه (عجلون ، الاردن) ، كلية ادارة الاعمال ، قسم المصارف الاسلاميه ، 2017 | |
| 650 | 4 |
_aالمصارف الاسلاميه-تمويل- الاردن- العراق _958234 |
|
| 700 |
_aالمومني، محمد عبدالكريم _965206 _eمشرف |
||
| 942 |
_2lcc _cTHS |
||
| 999 |
_c29708 _d29708 |
||